Southville International School and Colleges
Your cart is empty.
  • Cart
  • Lists
    Public lists Eva Luna New books Lux_list list_1
    Your lists Log in to create your own lists
  • Log in to your account
  • Your cookies
  • Search history
Southville International School and Colleges
  • Advanced search
  • Recent comments
  • Most popular
  • Libraries

Log in to your account

Log in with GOOGLE


If you do not have an external account, but do have a local account, you can still log in:

  1. Home
  2. MARC view: 425 Creative writing ideas /
Normal view MARC view ISBD view

425 Creative writing ideas / (Record no. 7198)

[ view plain ]
MARC details
000 -LEADER
fixed length control field 00585nam a22002177a 4500
003 - CONTROL NUMBER IDENTIFIER
control field OSt
005 - DATE AND TIME OF LATEST TRANSACTION
control field 20140310181927.0
008 - FIXED-LENGTH DATA ELEMENTS--GENERAL INFORMATION
fixed length control field 130720t xxu||||| |||| 00| 0 eng d
020 ## - INTERNATIONAL STANDARD BOOK NUMBER
International Standard Book Number 0930790421
050 ## - LIBRARY OF CONGRESS CALL NUMBER
Classification number LB 1576
Item number .B414 1996
082 ## - DEWEY DECIMAL CLASSIFICATION NUMBER
Classification number TRE 808
Item number B35 1996
100 ## - MAIN ENTRY--PERSONAL NAME
Personal name Beech, Linda Ward
9 (RLIN) 2331
245 ## - TITLE STATEMENT
Title 425 Creative writing ideas /
Statement of responsibility, etc Linda Ward Beech
260 ## - PUBLICATION, DISTRIBUTION, ETC. (IMPRINT)
Place of publication, distribution, etc USA :
Name of publisher, distributor, etc Sniffen Court books,
Date of publication, distribution, etc c1996.
300 ## - PHYSICAL DESCRIPTION
Extent 64 p.
Other physical details ill. ;
Dimensions 28 cm.
521 ## - TARGET AUDIENCE NOTE
Target audience note
541 ## - IMMEDIATE SOURCE OF ACQUISITION NOTE
-- 1
562 ## - COPY AND VERSION IDENTIFICATION NOTE
Number of copies 1
650 ## - SUBJECT ADDED ENTRY--TOPICAL TERM
Topical term or geographic name as entry element Creative writing
9 (RLIN) 676
942 ## - ADDED ENTRY ELEMENTS (KOHA)
Source of classification or shelving scheme Library of Congress Classification
Koha item type
Call number prefix
Holdings
Withdrawn status Lost status Source of classification or shelving scheme Damaged status Home library Current library Shelving location Date acquired Total Checkouts Full call number Barcode Date last seen Copy number Price effective from Koha item type
    Library of Congress Classification   Luxembourg Library Luxembourg Library Teachers Reference Section 07/20/2013   LB 1576 .B414 1996 5814 05/27/2015 1 07/20/2013 Books

425 Creative writing ideas /

APA

Beech L. W., . (1996). 425 Creative writing ideas. USA: Sniffen Court books.

Chicago

Beech Linda Ward, . 1996. 425 Creative writing ideas. USA: Sniffen Court books.

Harvard

Beech L. W., . (1996). 425 Creative writing ideas. USA: Sniffen Court books.

MLA

Beech Linda Ward, . 425 Creative writing ideas. USA: Sniffen Court books. 1996.

  • Place hold
  • Print
  • Cite
  • Add to your cart (remove)
  • Save record
    BIBTEX Dublin Core MARCXML MARC (non-Unicode/MARC-8) MARC (Unicode/UTF-8) MARC (Unicode/UTF-8, Standard) MODS (XML) RIS
  • More searches
    Search for this title in:
    Other Libraries (WorldCat) Other Databases (Google Scholar) Online Stores (Bookfinder.com) Open Library (openlibrary.org)

Exporting to Dublin Core...

SOUTHVILLE LIBRARY

Southville International School and Colleges Library

1281 Tropical Ave. Cor. Luxembourg St., BF Homes International, Las Pinas City

Tel. No. 8256374 / 252358 Loc. 117/146

Powered by Koha